| 000 | 00423nam a22001697a 4500 | ||
|---|---|---|---|
| 005 | 20180316152708.0 | ||
| 008 | 160526b xxu||||| |||| 00| 0 eng d | ||
| 020 | _a81-203-1218-X | ||
| 041 | _aeng | ||
| 082 |
_b5156 _a332.645 |
||
| 100 |
_aHull, John C. _9379 |
||
| 245 | _aOptions Futures and Other Derivatives | ||
| 260 |
_aNew Delhi _bAcademic Faundation |
||
| 300 | _a544 | ||
| 650 |
_aManagement _9241 |
||
| 942 | _cBK | ||
| 999 |
_c1800 _d1799 |
||